Ultraschalldiagnostik des Tränensackes [Ultrasound diagnosis of the lacrimal sack]

A- und B-scan echography is a useful method for the examination of certain parts of the lacrimal drainage system. In most cases it can substitute for dacryocystography and other expensive methods in the diagnosis of lacrimal sac diseases. Older methods of echography for examination of the lacrimal s...

Teljes leírás

Elmentve itt :
Bibliográfiai részletek
Szerzők: Végh Mihály
Németh János Tibor
Dokumentumtípus: Cikk
Megjelent: 1990
Sorozat:FORTSCHRITTE DER OPHTHALMOLOGIE 87 No. 6
Tárgyszavak:
mtmt:1697505
Online Access:http://publicatio.bibl.u-szeged.hu/32686
LEADER 01597nab a2200217 i 4500
001 publ32686
005 20250416175012.0
008 250416s1990 hu o 000 ger d
022 |a 0723-8045 
024 7 |a 1697505  |2 mtmt 
040 |a SZTE Publicatio Repozitórium  |b hun 
041 |a ger 
100 1 |a Végh Mihály 
245 1 0 |a Ultraschalldiagnostik des Tränensackes [Ultrasound diagnosis of the lacrimal sack]  |h [elektronikus dokumentum] /  |c  Végh Mihály 
260 |c 1990 
300 |a 638-640 
490 0 |a FORTSCHRITTE DER OPHTHALMOLOGIE  |v 87 No. 6 
520 3 |a A- und B-scan echography is a useful method for the examination of certain parts of the lacrimal drainage system. In most cases it can substitute for dacryocystography and other expensive methods in the diagnosis of lacrimal sac diseases. Older methods of echography for examination of the lacrimal sac are direct contact, water bath, and rarely transocular contact methods. We have developed a new method, in which a rubber tube filled with fluid is placed between the transducer and the skin surface. Comparison of these methods demonstrates that this is the best method for ultrasound diagnostics of the lacrimal sac because it can be carried out as easily as the direct contact method, and the quality of the echograms is as good as in the water bath method. A special advantage is that causing an infection in the patient with the ultrasound probe can be avoided. 
650 4 |a Klinikai orvostan 
700 0 1 |a Németh János Tibor  |e aut 
856 4 0 |u http://publicatio.bibl.u-szeged.hu/32686/1/aok_klny_789_90.pdf  |z Dokumentum-elérés